000 00694nam a22002292 4500
001 0000011944
005 20151217152103.0
008 090122s xx 000 0 eng d
020 _a0340908808 :
040 _aKABU
_cKABU
100 1 _aPullinger, Jackie.
_@0000168023
245 1 0 _aChasing the dragon /
_cJackie with Andrew Quicke.
250 _a1st ed.
260 _aLondon :
_bHodder & Stoughton,
_c2006.
300 _axiv, 254 p.
600 1 0 _aPullinger, Jackie.
_@0000168023
650 0 _aMissionaries
_xBiography
_zEngland.
_@0000168024
700 1 _aQuicke, Andrew.
_@0000168025
852 1 _9p400 KES
908 _a090122
950 _@1
999 _c8105
_d8105